Statistics for Top 10 U.S. States with the Most Cars

Click here to take the quiz!

General Stats

  • This quiz has been taken 29 times
  • The average score is 7 of 10

Answer Stats

# per 1,000 peopleState% Correct
1,080North Dakota
82%
950South Dakota
82%
1,122Idaho
79%
1,120Montana
79%
960Alaska
71%
1,050Iowa
71%
1,140Wyoming
71%
1,046Nebraska
64%
1,030Alabama
46%
950Delaware
18%

Score Distribution

Percentile by Number Answered

Percent of People with Each Score

Your Score History

You have not taken this quiz